000 00594nai a2200181Ia 4500
003 IN-BaIIA
008 211028c9999 xx s 000 0 eng d
022 _a2052-5206 (Online)
022 _a2052-5206 (Print)
040 _cIIA Library
245 0 _aActa Crystallographica Section B
_h[eJournal]
260 _aNew Jersey
_bJohn Wiley & Sons
310 _aBimonthly
362 _a53(1); 1997 - Present
521 _bSubscribed through National Knowledge Resource Consortium (NKRC)
856 _uhttps://onlinelibrary.wiley.com/journal/s20525206
_yClick Here to Access eJournal
942 _cEJ
999 _c33940
_d33940